Wannabe Nations of Europe Quiz Stats

 Plays Quiz not verified by Sporcle

Challenge
Share
Tweet
Score 0/16 Timer 06:00
0 Plays Today
% Correct
Scotland
95.4%
Sicily
94.4%
Sardinia
91.4%
Catalonia
90.4%
Basque Country
85.3%
Isle of Man
84.8%
Brittany
77.7%
Bavaria
76.6%
% Correct
Faroe Islands
74.6%
Flanders
71.6%
Transnistria
66%
Kosovo
61.9%
Andalusia
53.3%
Novorossiya
50.3%
Vojvodina
42.1%
Republika Srpska
30.5%

You're not logged in!

Compare scores with friends on all Sporcle quizzes.
Join for Free
OR
Log In

You Might Also Like...

Show Comments

Extras

Created Jun 30, 2016ReportNominate
Tags:Europe Quiz, independence

Top Quizzes Today


Score Distribution

Your Account Isn't Verified!

In order to create a playlist on Sporcle, you need to verify the email address you used during registration. Go to your Sporcle Settings to finish the process.

Report this User

Report this user for behavior that violates our Community Guidelines.

Details: